Tuyển tập Nguyễn Minh Châu

Đã lưu trong:
书目详细资料
主要作者: Nguyễn Minh Châu
格式: 图书
语言:Undetermined
出版: Hà Nội Văn học 1994
主题:
标签: 添加标签
没有标签, 成为第一个标记此记录!
Thư viện lưu trữ: Trung tâm Học liệu Trường Đại học Cần Thơ
LEADER 00534nam a2200169Ia 4500
001 CTU_8394
008 210402s9999 xx 000 0 und d
082 |a 895.922333 
082 |b Ch125t 
100 |a Nguyễn Minh Châu 
245 0 |a Tuyển tập Nguyễn Minh Châu 
245 0 |c Nguyễn Minh Châu, Nguyễn Văn Lưu 
260 |a Hà Nội 
260 |b Văn học 
260 |c 1994 
650 |a vietnamese fiction - 20th century - collections 
980 |a Trung tâm Học liệu Trường Đại học Cần Thơ